Condición jurídica del individuo en la sociedad internacional / (Record no. 74341)

MARC details
000 -LEADER
campo de control de longitud fija 00468nam a2200157 i 4500
001 - NÚMERO DE CONTROL
campo de control 74341
003 - IDENTIFICADOR DE NÚMERO DE CONTROL
campo de control ES-MaACL
005 - FECHA Y HORA DE LA ÚLTIMA TRANSACCIÓN
campo de control 20230906172110.0
007 - CAMPO FIJO DE DESCRIPCIÓN FÍSICA--INFORMACIÓN GENERAL
campo de control de longitud fija t|
008 - DATOS DE LONGITUD FIJA--INFORMACIÓN GENERAL
campo de control de longitud fija 040917s1905 sp ||||1| spa d
100 1# - ENTRADA PRINCIPAL--NOMBRE DE PERSONA
Nombre de persona González Naharro, Francisco.
9 (RLIN) 58834
245 10 - MENCIÓN DEL TÍTULO
Título Condición jurídica del individuo en la sociedad internacional /
Mención de responsabilidad, etc. Francisco González Naharro.
260 ## - PUBLICACIÓN, DISTRIBUCIÓN, ETC.
Lugar de publicación, distribución, etc. Madrid :
Nombre del editor, distribuidor, etc. [s.n.,
Fecha de publicación, distribución, etc. 1905]
502 ## - NOTA DE TESIS
Nota de tesis Tesis doctoral.
852 ## - LOCALIZACIÓN
Ubicación ES-MaACL
Número de control de estantería T-1074-F-6
Holdings
Estatus retirado Estado de pérdida Estado de daño No para préstamo Colección Biblioteca de origen Biblioteca actual Ubicación en estantería Fecha de adquisición Fuente de adquisición Total de préstamos Signatura topográfica completa Código de barras Visto por última vez Precio de reemplazo Tipo de ítem Koha
        Colección de folletos Biblioteca del Ateneo de Madrid Biblioteca del Ateneo de Madrid Depósito folletos 17/01/2008     T-1074-F-6 1077821 23/02/2023 23/02/2023 Folleto